000 01269nam a2200301 i 4500
003 EG-GICUC
005 20260121101715.0
008 260111s2014 ua ||||fr|||| 00| 0 ara d
040 _a EG-GICUC
_bara
_c EG-GICUC
_d EG-GICUC
_erda
041 0 _aara
082 0 4 _221
_a345.144
_b س ل . م
092 0 4 _221
099 _aLaw1 07 345.144 س ل . م 2014
100 0 _aسليمان محمد الطماوي
_eمؤلف.
245 1 2 _aمبادئ القانون الإداري :
_bدراسة مقارنة ،
_nالكتاب الثالث ،
_pأموال الإدارة العامة و امتيازاتها \
_cالدكتور سليمان محمد الطماوي
264 1 _aالقاهرة:
_bدار الفكر العربي ،
_c2014.
300 _a523 ؛صفحة
_c24 سم
336 _2rda content
_atext
337 _2rda media
_aComputer
338 _2rda carrier
_aOnline Resource
504 _aيشتمل على إرجاعات ببليوجرافية.
546 _aالنص أغلبه باللغة العربية بعض النصوص الإنجليزية والفرنسية
650 1 _aالقانون الإداري
_2qrmak
651 1 _2qrmak
856 4 0 _uhttps://fll.law.cu.edu.eg/fulltext/bks/B07-00407.pdf
905 _a74
942 _2ddc
_n0
_cBK
_e21
999 _c56249
_d56249